000 00749nam a22002657a 4500
003 CHAP
005 20220329133215.0
008 971013s1990 r 10010 d
010 _a3391
011 _a4363
035 _a3565
040 _cCHAP
090 _aFolleto 13292y (1990)
111 0 0 _aConferencia Regional de la FAO para Europa (
_n17
_d: 1990
_c: Venecia, Italia
_926602
245 1 _aInforme
260 _aRoma :
_bFAO,
_c1990
300 _a46 p
500 _a49-207
590 _aBATCH-UPD
_b10
_c20130110
_lUCH01
_h1156
590 _aCONVERSION
_b10
_c20130109
_lUCH01
_h1303
650 1 4 _aAgricultura
_xEuropa
_zEuropa.
_9175388
901 _aBK
942 _cFOLL
949 _aFolleto 13292y (1990)
_bBC
_cFAO
_d-13086
_eFAO1
_i3565
_mD
_si
999 _c3391
_d3391